| 000 | 00899nam a2200229 u 4500 | ||
|---|---|---|---|
| 001 | 000292651 | ||
| 003 | AM-YeHGA | ||
| 005 | 20250617125926.0 | ||
| 008 | 031211s1989 ai r 000 0 rus d | ||
| 020 | _a5289002529 | ||
| 040 | _aAM-YeHGA | ||
| 041 | 0 | _arus | |
| 100 | 1 | _aРоманенко, Борис Петрович | |
| 245 | 1 | 0 |
_aВосхождение : _bОчерки о формировании атеист. мировоззрения раб. кл. / _cБ. П. Романенко; Ред.: И.Г. Мельникова. |
| 260 |
_aЛенинград : _bЛениздат, _c1989. |
||
| 300 | _a120 с. | ||
| 504 | _aБиблиогр.: с. 117-118 | ||
| 653 | 0 | _aРабочий класс в СССР - История - 19-20 вв. | |
| 653 | 0 | _aАтеизм в СССР - История - 19-20 вв. | |
| 700 | 1 |
_aМельникова, И. Г. _eред. _4edt |
|
| 090 | _c108514 | ||
| 999 |
_c107187 _d107187 |
||